Los Museos en Cuba/ (Record no. 4109)

MARC details
000 -LEADER
campo de control de longitud fija 00516nam a22001937a 4500
003 - IDENTIFICADOR DE NÚMERO DE CONTROL
campo de control OSt
005 - FECHA Y HORA DE LA ÚLTIMA TRANSACCIÓN
campo de control 20230726135329.0
008 - DATOS DE LONGITUD FIJA--INFORMACIÓN GENERAL
campo de control de longitud fija 160813s2003 cr||||| |||| 00| 0 spa d
040 ## - FUENTE DE CATALOGACIÓN
Centro/agencia transcriptor ladov
082 04 - NÚMERO DE LA CLASIFICACIÓN DECIMAL DEWEY
Número de clasificación 708
Número de ítem C733m
110 ## - ENTRADA PRINCIPAL--NOMBRE DE ENTIDAD CORPORATIVA
9 (RLIN) 929
Nombre de entidad corporativa o nombre de jurisdicción como elemento de entrada Comité Cubano del ICOM
Término indicativo de función/relación autor
245 ## - MENCIÓN DEL TÍTULO
Título Los Museos en Cuba/
260 ## - PUBLICACIÓN, DISTRIBUCIÓN, ETC.
Lugar de publicación, distribución, etc. Cuba
Fecha de publicación, distribución, etc. 1984
Nombre del editor, distribuidor, etc. Ministerio de Cultura
300 ## - DESCRIPCIÓN FÍSICA
Extensión 38p.
Otras características físicas 21x26cm
653 10 - TÉRMINO DE INDIZACIÓN--NO CONTROLADO
Término no controlado ARTE CONTEMPORANEO
653 10 - TÉRMINO DE INDIZACIÓN--NO CONTROLADO
Término no controlado CATALOGO
653 10 - TÉRMINO DE INDIZACIÓN--NO CONTROLADO
Término no controlado MUSEOS
942 ## - ELEMENTOS DE ENTRADA SECUNDARIOS (KOHA)
Fuente del sistema de clasificación o colocación Clasificación Decimal Dewey
Tipo de ítem Koha Libros
Parte de la signatura que corresponde a la clasificación (Parte de la clasificación) 708
Parte de la signatura que identifica el ejemplar (Parte del ítem) C733m
Holdings
Estatus retirado Estado de pérdida Fuente del sistema de clasificación o colocación Estado de daño No para préstamo Biblioteca de origen Biblioteca actual Fecha de adquisición Número de inventario Total de préstamos Signatura topográfica completa Código de barras Visto por última vez Precio de reemplazo Tipo de ítem Koha
    Clasificación Decimal Dewey     Biblioteca LadoV Biblioteca LadoV 26/07/2023 003214   708 C733m 003214 26/07/2023 26/07/2023 Libros